MARC details
| 000 -CABECERA |
| campo de control de longitud fija |
01438cam a2200229Mi 4500 |
| 001 - NÚMERO DE CONTROL |
| campo de control |
991027231407407026 |
| 003 - IDENTIFICADOR DEL NÚMERO DE CONTROL |
| campo de control |
UkOxU |
| 005 - FECHA Y HORA DE LA ÚLTIMA TRANSACCIÓN |
| campo de control |
20251120175601.0 |
| 008 - DATOS DE LONGITUD FIJA--INFORMACIÓN GENERAL |
| campo de control de longitud fija |
241107s2025 enk d 000 f eng d |
| 020 ## - NÚMERO INTERNACIONAL ESTÁNDAR DEL LIBRO |
| Número Internacional Estándar del Libro |
9780702340574 |
| Información calificativa |
(hbk.) |
| 035 ## - NÚMERO DE CONTROL DEL SISTEMA |
| Número de control de sistema |
(OCoLC)1504421850 |
| 035 ## - NÚMERO DE CONTROL DEL SISTEMA |
| Número de control de sistema |
(OCoLC)on1504421850 |
| 040 ## - FUENTE DE LA CATALOGACIÓN |
| Centro catalogador/agencia de origen |
UKYRK |
| Lengua de catalogación |
eng |
| Normas de descripción |
rda |
| Centro/agencia transcriptor |
UKYRK |
| Centro/agencia modificador |
UkOxU |
| 100 ## - ENTRADA PRINCIPAL--NOMBRE DE PERSONA |
| Nombre de persona |
Collins, Suzanne |
| Término indicativo de función/relación |
author. |
| 9 (RLIN) |
25035 |
| 245 10 - MENCIÓN DE TÍTULO |
| Título |
Sunrise on the reaping |
| Mención de responsabilidad, etc. |
/ Suzanne Collins. |
| 264 #1 - PRODUCCIÓN, PUBLICACIÓN, DISTRIBUCIÓN, FABRICACIÓN Y COPYRIGHT |
| Producción, publicación, distribución, fabricación y copyright |
London : |
| Nombre del de productor, editor, distribuidor, fabricante |
Scholastic, |
| Fecha de producción, publicación, distribución, fabricación o copyright |
2025. |
| 300 ## - DESCRIPCIÓN FÍSICA |
| Extensión |
416 pages ; |
| Dimensiones |
24 cm. |
| 490 1# - MENCIÓN DE SERIE |
| Número Internacional Normalizado para Publicaciones Seriadas |
V |
| 520 8# - SUMARIO, ETC. |
| Sumario, etc. |
As the day dawns on the fiftieth annual Hunger Games, fear grips the districts of Panem. This year, in honour of the Quarter Quell, twice as many tributes will be taken from their homes. Back in District 12, Haymitch Abernathy is trying not to think too hard about his chances. All he cares about is making it through the day and being with the girl he loves. When Haymitch's name is called, he can feel all his dreams break. He's torn from his family and his love, shuttled to the Capitol with the three other District 12 tributes: a young friend who's nearly a sister to him, a compulsive oddsmaker, and the most stuck-up girl in town. As the Games begin, Haymitch understands he's been set up to fail. But there's something in him that wants to fight - and have that fight reverberate far beyond the deadly arena. |
| 655 #0 - TÉRMINO DE INDIZACIÓN--GÉNERO/FORMA |
| Datos o término principal de género/forma |
Science fiction |
| 9 (RLIN) |
22728 |
| 942 ## - ELEMENTOS DE ENTRADA AGREGADA (KOHA) |
| Fuente del sistema de clasificación o colocación |
Clasificación de Library of Congress |